书目信息 |
| 题名: |
旅游开发学
|
|
| 作者: | 王德刚 主编 | |
| 分册: | ||
| 出版信息: | 济南 山东大学出版社 2007.08 |
|
| 页数: | 382页 | |
| 开本: | 26cm | |
| 丛书名: | ||
| 单 册: | ||
| 中图分类: | F590.3 | |
| 科图分类: | ||
| 主题词: | 旅游资源--lu you zi yuan--资源开发--研究 | |
| 电子资源: | ||
| ISBN: | 978-7-5607-1886-6 | |
| 000 | 00856nam0 2200253 450 | |
| 001 | 012008836106 | |
| 005 | 20080626142532.26 | |
| 010 | @a978-7-5607-1886-6@dCNY42.00 | |
| 100 | @a20080626d2007 em y0chiy0120 ea | |
| 101 | 0 | @achi |
| 102 | @aCN@b370000 | |
| 105 | @aa a 000yy | |
| 106 | @ar | |
| 200 | 1 | @a旅游开发学@Alu you kai fa xue@f王德刚主编@Fwang de gang zhu bian |
| 205 | @a第2版 | |
| 210 | @a济南@c山东大学出版社@d2007.08 | |
| 215 | @a382页@c图@d26cm | |
| 320 | @a有书目 (第380-382页) | |
| 330 | @a本书是一部系统阐述旅游开发理论和操作技术的学术著作。全书共分十三章,涉及旅游开发概述、旅游开发理论基础、旅游开发论证、旅游规划、旅游资源开发等。 | |
| 606 | 0 | @a旅游资源@Alu you zi yuan@x资源开发@x研究 |
| 690 | @aF590.3@v4 | |
| 701 | 0 | @a王德刚@Awang de gang@4主编 |
| 801 | 0 | @aCN@bQSSK@c20080626 |
| 905 | @b729519-21@dF590.3@eW141@f3 | |
| 旅游开发学/王德刚主编.-第2版.-济南:山东大学出版社,2007.08 |
| 382页:图;26cm |
| ISBN 978-7-5607-1886-6:CNY42.00 |
| 本书是一部系统阐述旅游开发理论和操作技术的学术著作。全书共分十三章,涉及旅游开发概述、旅游开发理论基础、旅游开发论证、旅游规划、旅游资源开发等。 |
| ● |
| 相关链接 |
|
|
|
正题名:旅游开发学
索取号:F590.3/W141
 
预约/预借
| 序号 | 登录号 | 条形码 | 馆藏地/架位号 | 状态 | 备注 |
| 1 | 729519 | 207295194 | 社科二线422/409社科库 38排7列5层/ [索取号:F590.3/W141] | 在馆 | |
| 2 | 729520 | 207295201 | 社科库409/409社科库 38排7列5层/ [索取号:F590.3/W141] | 在馆 | |
| 3 | 729521 | 207295210 | 社科库409/409社科库 38排7列5层/ [索取号:F590.3/W141] | 在馆 |